01017nam a2200301 a 450000100060000000300080000600500170001400800410003102000150007202000220008703500190010904000320012804100080016008200240016810000290019224500880022125000120030926000480032130000340036950000200040350400300042365000250045365000330047865000380051194200120054999900170056195201370057869013BD-RjUL20211209081835.0170409r19841980nyua b 001 0 eng  a0195034414 a0195034422 (pbk.) a(BD-RjUL)69224 aDLCcDLCdDLCdBD-RjULbeng aeng00a930.1223bWEP 19841 aWenke, Robert J.920446510aPatterns in prehistory :bhumankind's first three million years /cRobert J. Wenke. a2nd ed. aNew York :bOxford University Press,c1984. axii, 500 p. :bill. ;c25 cm. aIncludes index. aBibliography: p. 451-487. 0aArchaeology.9207101 0aPrehistoric peoples.9207102 0aAntiquities, Prehistoric.9204467 2ddccBK c69013d69013 00102ddc40718NFICaRUCLbRUCLcReadingd1993-08-07eAsia Foundationl0o930.1 WEP 1984r2017-04-09 00:00:00tC-1w2017-04-09yBK